Movies Quiz

Random Movies or Quick Pick Quiz

Pirates of the Caribbean by Three Soundtrack Titles Quiz Stats

 Plays Quiz not verified by Sporcle

Challenge
Share
Tweet
Embed
Score 0/5 Timer 01:00
0 Plays Today
% Correct
At World's End
94.8%
On Stranger Tides
92.9%
Curse of the Black Pearl
86.3%
Dead Men Tell No Tales
84.8%
Dead Man's Chest
84.8%

You're not logged in!

Compare scores with friends on all Sporcle quizzes.
Join for Free
OR
Log In

You Might Also Like...

Show Comments

Extras

Top Quizzes Today


Score Distribution

Your Account Isn't Verified!

In order to create a playlist on Sporcle, you need to verify the email address you used during registration. Go to your Sporcle Settings to finish the process.

Report this User

Report this user for behavior that violates our Community Guidelines.

Details: